000 00771nam a2200229 4500
003 DO-SdBPM
005 20250602103545.0
008 161110b2007 sp a|||| 00| 0 spa d
020 _a9788449435638
040 _aDO-SdBPM
_bspa
_cBPMSU
082 4 _a510.7
_bC975a 2007
_222
100 1 _aCurell, Anna Biosca
245 1 0 _aAprendo matemáticas con María Pascual /
_cAnna Biosca Curell ; ilustración María Pascual; dirección José Gay
260 _aBarcelona :
_bOceano,
_c2007
300 _a2 v. :
_bil. ;
_c29 cm
590 _aInventariado, 2025/VM
650 4 _aMatemáticas
_xEnseñanza primaria.
650 4 _aMatemáticas
_xEnseñanza primaria
_vLibros de texto.
710 2 _aOcéano
910 _aVMateo V. Control de calidad. BPMSU
942 _2ddc
_cBK
999 _c11885
_d11885